Tulsian's accountancy for CA intermediate course (Group II): (Record no. 158452)

MARC details
000 -LEADER
fixed length control field 00743nam a22002057a 4500
005 - DATE AND TIME OF LATEST TRANSACTION
control field 20181116151338.0
010 ## - LCCN (DPL NO)
LC control number ENG-124402
020 ## - INTERNATIONAL STANDARD BOOK NUMBER
International Standard Book Number 9789352535224
Terms of availability 795.00
035 ## - SYSTEM CONTROL NUMBER
System control number EN-107934
037 ## - SOURCE OF ACQUISITION
Source of stock number/acquisition DBAD/PUB
082 ## - DEWEY DECIMAL CLASSIFICATION NUMBER
Classification number 657
100 ## - MAIN ENTRY--PERSONAL NAME
Personal name Tulsian P.C.
245 ## - TITLE STATEMENT
Title Tulsian's accountancy for CA intermediate course (Group II):
Statement of responsibility, etc by P.C. Tulsian [and] Bharat Tulsian
Remainder of title 11e /
250 ## - EDITION STATEMENT
Edition statement reprint updates ed.
260 ## - PUBLICATION, DISTRIBUTION, ETC. (IMPRINT)
Place of publication, distribution, etc New Delhi
Name of publisher, distributor, etc S.Chand and Company Limited
Date of publication, distribution, etc 2019
270 ## - ADDRESS
Address 7361, Ramnagar
City New Delhi
Postal code 110055
Telephone number 011-23672080-81-82 9899107446, 9911310888
Fax number 91-11-23677446
Electronic mail address info@schandgroup.com
300 ## - PHYSICAL DESCRIPTION
Extent xiv, various paging
Dimensions 27cm(pbk)
Other physical details ill.
700 ## - ADDED ENTRY--PERSONAL NAME
Personal name Tulsian, Bharat
942 ## - ADDED ENTRY ELEMENTS (KOHA)
Source of classification or shelving scheme Dewey Decimal Classification
Item type English Books
Classification part 657
Call number suffix TUL
Holdings
Withdrawn status Lost status Not for loan Collection code Home library Current library Date acquired Source of acquisition Cost, normal purchase price Full call number Barcode Copy number Cost, replacement price Koha item type
    Not For Loan Non-fiction D.B.Act.Division Bawana 30/10/2018 DBAD/PUB 795.00 657 TUL EN-107934 1 795.00 English Books

© Delhi Public Library
Hit Counter
free hit counter